00492nam a22001697a 450000500170000001000150001702000260003203500140005803700090007208200170008110000160009824500960011425000060021026000340021627000460025030000260029620241129142929.0 aENG-142739 c350.00a9788174467799 aEN-126271 bDBAD a338.6095421 aRath, A.K.  aTowards Better Corporate Governance:bIndependent Directors in the Boardroom/cby A.K. Rath a1 aNew DelhibExcel Books c2010 aA-45, Naraina, Phase IbNew Delhie110028 axviii,238p.c24cm(pb)